| 000 | 01711nam a2200253 i 4500 | ||
|---|---|---|---|
| 001 | 172228 | ||
| 003 | ES-MaACL | ||
| 005 | 20250811145204.0 | ||
| 008 | 090618s1889 fr |||| | fre d | ||
| 245 | 0 | 0 |
_aMission d'Andalousie : _bétudes relatives au tremblement de terre du 25 décembre 1884, et à la constitution géologique du sol ébranlé par les secousses / _cdirecteur de la Mission [et préfacier du présent ouvrage], M. F. Fouqué ; collaborateurs, Michel Lévy, Marcel Bertrand ... [et al.]. |
| 260 |
_aParis : _bs.n., _c1889 ( _fImp. nationale) |
||
| 300 |
_a1 v. : _bXXXVII lám. ; _c27 cm. |
||
| 505 | 8 | _aLám. I-IV: mapas: "Carte de la partie de l'Andalousie éprouvée par le tremblement de terre du 25 décembre 1884 d'après les travaux de la comission française", "Carte géologique de la partie de l'Andalousie éprouvée par le tremblement de terre du 25 décembre 1884", "Carte géologique de la partie Nord-Est de la province de Malaga et de la partie Sud-Ouest de celle de Grenade", "Esquisse d'une carte géologique de la Sierra Elvira près de Grenade") . Lám. V-XV: reprod. de fotografías . Lám. XXI-XXXVII: fósiles | |
| 590 | 0 | _aEjemplar falto de port.; datos de publ. tomados de la BNF y tít. del lomo. | |
| 650 | 4 |
_aTerremotos- _zAndalucía- _yS.XIX. _917487 |
|
| 650 |
_aTerremotos- _zMálaga (Provincia) _9173526 |
||
| 650 |
_aTerremotos- _zGranada (Provincia) _9173525 |
||
| 650 | 4 |
_aGeología- _zAndalucía. _9173517 |
|
| 700 | 1 |
_aFouqué, Ferdinand. _951949 |
|
| 700 | 1 |
_aLévy, Michel. _972006 |
|
| 700 | 1 |
_aBertrand , Marcel Alexandre, _d1847-1907 _9142193 |
|
| 852 | 4 |
_aES-MaACL _jC-1208 _z- Legado Federico de Botella y de Hornos |
|
| 999 |
_c172228 _d172228 |
||